000 01125nam0a2200313 i 4500
001 RU\NLR\bibl\1918887
005 20241103102218.0
010 _a9785501002722
_910000
021 _aRU
_b2012-41653
_93081
035 _a(NLR Aleph) 001908368
090 _a3142204
_c3142204
100 _a20120627d2012 u y0rusy50 ca
101 0 _arus
102 _aRU
105 _aa |||||||||
200 1 _aБлагоустройство участка
_f[авт.-сост.: Крейс Виктория Александровна]
210 _aМосква
_cМир книги
_cМир Книги Ритейл
_d2012
215 _a63 с.
_cцв. ил.
_d21
313 _aВодоемы
606 _aПриусадебные участки
_xОзеленение
_91111004
_3RU\NLR\auth\66438881
606 1 _aВодоемы
_xСтроительство
_91281294
_3RU\NLR\auth\66210693
686 _aП27,1
686 _aН771.3
702 1 _aКрейс
_bВ. А.
_gВиктория Александровна
_4220
801 0 _aRU
_bNLR
_c20120627
_gRCR
801 1 _aRU
_bNLR
_c20120627
942 _cBOOK
980 _aNBR